000 00692nam a2200205 i 4500
001 bg
100 1 _aBOŻYK, Stanisław
_d(1951- )
245 1 0 _aPrawo konstytucyjne i administracyjne :
_bpodstawowe akty normatywne /
_cStanisław Bożyk, Jarosław Matwiejuk.
250 _aStan prawny na dzień 1 października 1999 r.
260 _aBiałystok :
_b"Temida 2",
_c1999.
300 _a506, [1] s. ;
_c30 cm.
650 9 _aPrawo administracyjne
_zPolska
_ystan na 1999 r.
650 9 _aPrawo państwowe
_zPolska
_ystan na 1999 r.
700 1 _aMATWIEJUK, Jarosław
040 _cBPK
041 0 _apl
080 _a342(438)(094.4)
942 _cKS
008 s pl f |000 0 pol
999 _c36409
_d36409
856 _uhttp://koha.tu.koszalin.pl/cgi-bin/koha/opac-detail.pl?biblionumber=36409
_yKatalog online BPK